00784nam a22001937a 4500999001700000003000900017008004100026040007100067082002100138100003300159245005200192260002800244300002400272505014400296650002700440942001500467945000800482952010000490 c15031d15031AR-CdUCM190425b ||||| |||| 00| 0 spa d aMUNICIPALIDAD PROVINCIAL DEL CUSCOcBIBLIOTECA MUNICIPAL DEL CUSCO aC / 340.4 /bT18 aTamayo Herrera, Jose Armando aProceso y procedimiento en la reforma agraria / aCuzco :bUnsaac,c1963. a186 hojas ;c28 cm. aLo juridico procesal en la reforma agraria -- Derechos y acciones agrarias -- el problema del órgano ejecutor -- de la reforma agraria... areforma agraria.91861 2ddccTESIS awfj 002ddc4070aSCAbSCAcCARTd2019-04-25g30.00oC / 340.4 / T18pSCA0003372r2019-04-25yTESIS